Steven Universe - Don't Cost Nothing (Reprise) - Lyrics Quiz - Statistics

General Stats
  • This quiz has been taken 9 times
  • The average score is 66 of 75
Answer Stats
Character Lyrics % Correct
a
100%
a
100%
around,
100%
can
100%
catchy
100%
cost
100%
cost
100%
cost
100%
cost
100%
cost
100%
cost
100%
Greg Universe Don't
100%
don't
100%
don't
100%
Greg Universe Don't
100%
Pearl I
100%
I
100%
isn't
100%
isn't
100%
isn't
100%
it
100%
it
100%
it
100%
it?
100%
it?
100%
it...
100%
it's
100%
Steven Universe It's
100%
It's
100%
It's
100%
nothing
100%
nothing
100%
nothing
100%
nothing
100%
nothing
100%
over,
100%
over,
100%
over,
100%
palling
100%
say,
100%
Singing
100%
song,
100%
Pearl What
100%
you
100%
you
100%
any
83%
Pearl Dancing
83%
Getting
83%
Greg Universe I'm
83%
of
83%
Or
83%
remembered
83%
something
83%
surprised
83%
those
83%
those
83%
tried
83%
was
83%
with
83%
with
83%
wrong
83%
Room
67%
suits,
67%
Greg Universe Tailor-made
67%
this
67%
view,
67%
at
50%
come,
50%
could've
50%
done
50%
even
50%
home
50%
we
50%
we
50%
Pearl Why'd
50%
No matching quizzes found
Score Distribution
Percent of People with Each Score
Percentile by Number Answered
Your Score History
You have not taken this quiz